000 00582cam a2200217ua 4500
001 10162
008 170907n ii |||gr||||Z||||||asm
020 _a8185905347
040 _cMAIN
082 _a330
100 _aBaruah, Hem,
_eAuthor.
245 _aEconomics and Indian economics (2nd year)
_cBy Hem Baruah and Archana Baruah
250 _a6th rev & enl ed.
260 _aGuwahati:
_bStudents emporium,
_c1993.
300 _a293p.
653 _aEconomics
653 _aHS economics
700 _aBaruah, Archana,
_eAuthor.
700 _aKar, Biman,
_eEditor.
942 _cBK
999 _c9159
_d9159